<?xml version="1.0" encoding="UTF-8"?><?xml-stylesheet type="text/xsl" href="static/style.xsl"?><OAI-PMH xmlns="http://www.openarchives.org/OAI/2.0/" xmlns:xsi="http://www.w3.org/2001/XMLSchema-instance" xsi:schemaLocation="http://www.openarchives.org/OAI/2.0/ http://www.openarchives.org/OAI/2.0/OAI-PMH.xsd"><responseDate>2026-04-27T20:24:19Z</responseDate><request verb="GetRecord" identifier="oai:uvadoc.uva.es:10324/71444" metadataPrefix="marc">https://uvadoc.uva.es/oai/request</request><GetRecord><record><header><identifier>oai:uvadoc.uva.es:10324/71444</identifier><datestamp>2024-11-15T09:54:21Z</datestamp><setSpec>com_10324_38</setSpec><setSpec>col_10324_852</setSpec></header><metadata><record xmlns="http://www.loc.gov/MARC21/slim" xmlns:doc="http://www.lyncode.com/xoai" xmlns:xsi="http://www.w3.org/2001/XMLSchema-instance" xmlns:dcterms="http://purl.org/dc/terms/" xsi:schemaLocation="http://www.loc.gov/MARC21/slim http://www.loc.gov/standards/marcxml/schema/MARC21slim.xsd">
<leader>00925njm 22002777a 4500</leader>
<datafield tag="042" ind1=" " ind2=" ">
<subfield code="a">dc</subfield>
</datafield>
<datafield tag="720" ind1=" " ind2=" ">
<subfield code="a">Calvo Conde, Hugo</subfield>
<subfield code="e">author</subfield>
</datafield>
<datafield tag="260" ind1=" " ind2=" ">
<subfield code="c">2024</subfield>
</datafield>
<datafield tag="520" ind1=" " ind2=" ">
<subfield code="a">En este trabajo analiza qué son y cómo influyen los fondos europeos conocidos como “Next&#xd;
Generation EU” en los Estados miembros de la Unión Europea, concretamente los que &#xd;
integran el denominado “Mecanismo de Recuperación y Resiliencia” (MRR) en el caso de&#xd;
España. El estudio se centra en la aplicación de dichos fondos en España, a través del Plan de &#xd;
Recuperación, Transformación y Resiliencia (PRTR), identificando los distintos programas de &#xd;
reformas e inversiones en los sectores y actividades económicas que se vieron perjudicados &#xd;
durante la pandemia del COVID-19. Asimismo, se buscará mostrar el impacto de estos fondos &#xd;
en diversos aspectostales como el crecimiento económico, la creación de empleo, la transición &#xd;
ecológica, la digitalización y la cohesión social. Además, se profundizará en la distribución y &#xd;
aplicación de dichos fondos por las distintas Comunidades Autónomas, con particular énfasis &#xd;
en el caso de Castilla y León, en el que se examina toda la información disponible referida a &#xd;
las subvenciones, los proyectos estratégicos y las reformas estructurales llevadas a cabo en &#xd;
esta Comunidad Autónoma con los fondos del Mecanismo de Recuperación y Resiliencia.</subfield>
</datafield>
<datafield tag="024" ind2=" " ind1="8">
<subfield code="a">https://uvadoc.uva.es/handle/10324/71444</subfield>
</datafield>
<datafield ind1=" " ind2=" " tag="653">
<subfield code="a">Inversión de fondos públicos</subfield>
</datafield>
<datafield tag="245" ind1="0" ind2="0">
<subfield code="a">Los Fondos Next Generation EU y su aplicación en España y en la C.A. de Castilla y León</subfield>
</datafield>
</record></metadata></record></GetRecord></OAI-PMH>